Chemistry. Part 1. / (Record no. 109121)
[ view plain ]
| 000 -LEADER | |
|---|---|
| fixed length control field | 00392nam a2200145 a 4500 |
| 005 - DATE AND TIME OF LATEST TRANSACTION | |
| control field | 20140414093838.0 |
| 008 - FIXED-LENGTH DATA ELEMENTS--GENERAL INFORMATION | |
| fixed length control field | 030923s19uu xx 00 eng d |
| 050 ## - LIBRARY OF CONGRESS CALL NUMBER | |
| Classification number | VHS 540 |
| Item number | OR 01 |
| 100 ## - MAIN ENTRY--PERSONAL NAME | |
| Personal name | Standard Deviants Academic Team |
| 245 ## - TITLE STATEMENT | |
| Title | Chemistry. Part 1. / |
| Statement of responsibility, etc | David Rowley. |
| 500 ## - GENERAL NOTE | |
| General note | Library has no copy for Part II. |
| 700 ## - ADDED ENTRY--PERSONAL NAME | |
| Personal name | Rowley, David |
| 942 ## - ADDED ENTRY ELEMENTS (KOHA) | |
| Koha item type | Audio Visual Materials |
| Withdrawn status | Lost status | Damaged status | Home library | Current library | Shelving location | Date acquired | Source of acquisition | Cost, normal purchase price | Total Checkouts | Full call number | Barcode | Date last seen | Price effective from | Koha item type |
|---|---|---|---|---|---|---|---|---|---|---|---|---|---|---|
| Luxembourg Library | Luxembourg Library | Audio Visual Material Section | 09/23/2003 | 1560.00 | VHS 540 OR 01 | AV0732 | 04/14/2014 | 04/14/2014 | Audio Visual Materials |